| 000 | 00559nam a2200145 4500 | ||
|---|---|---|---|
| 008 | 160427b xxu||||| |||| 00| 0 eng d | ||
| 082 |
_2Jul 2011 - Nov. 2011 _aDPer 641.05 _bF73 |
||
| 245 |
_aF & B world: _bMake a living with food. |
||
| 246 |
_aFood and Beverages world: _bMake a living with food. |
||
| 260 |
_aMakati City, Philippines: _bHinge Inquirer Publications, Inc., _ccJul 2011 - Nov. 2011 |
||
| 300 |
_avarious paging: _bcolor illustrations; _c28 cm. |
||
| 650 | 0 |
_922911 _aFood _vPeriodicals |
|
| 650 | 0 |
_922912 _aBeverages _vPeriodicals |
|
| 942 |
_2ddc _cPER |
||
| 999 |
_c7578 _d7578 |
||